Dirección estratégica de recursos humanos: gestión por competencias
Gorde:
| Egile nagusia: | |
|---|---|
| Formatua: | Liburua |
| Hizkuntza: | gaztelania |
| Argitaratua: |
Buenos Aires
Granica
2006
|
| Edizioa: | 2a. ed |
| Gaiak: | |
| Etiketak: |
Etiketa erantsi
Etiketarik gabe, Izan zaitez lehena erregistro honi etiketa jartzen!
|
MARC
| LEADER | 00000cam a2200000 a 4500 | ||
|---|---|---|---|
| 001 | UCI1252 | ||
| 003 | CL-VaPUC | ||
| 005 | 20241115123611.0 | ||
| 008 | 070622e20060000AG |||||||||||||||||spa|d | ||
| 999 | |c 326092 |d 326090 | ||
| 020 | |a 9506414777 | ||
| 040 | |c Pontificia Universidad Católica de Valparaíso | ||
| 082 | 0 | 4 | |a 658.3 |b ALL |2 21 |
| 100 | |a Alles, Martha Alicia |e autora |9 254834 | ||
| 245 | 1 | 0 | |a Dirección estratégica de recursos humanos: gestión por competencias |
| 250 | |a 2a. ed | ||
| 260 | |a Buenos Aires |b Granica |c 2006 | ||
| 300 | |a 445 p | ||
| 583 | |a last modification |c 20120829 12:21:34 |k Rodrigo Vera | ||
| 650 | 0 | |a Gestión de recursos humanos |9 879947 | |
| 650 | 0 | |a Cualificaciones profesionales |9 893676 | |
| 650 | 0 | |a Trabajo |9 893865 |x Análisis y descripción | |
| 650 | 0 | |a Selección de personal |9 307100 | |
| 650 | 0 | |a Salarios |9 255321 | |
| 942 | |c BK |2 ddc | ||
| 945 | |d 20070622 00:00:00 |a jtorresc | ||
| 952 | |0 0 |1 0 |4 0 |6 658_300000000000000_ALL_2006 |7 0 |8 R |9 407788 |a BIBENE |b BIBENE |d 2019-11-22 |i 4351282 |o 658.3 ALL 2006 |p 4351282 |r 2025-01-15 |w 2019-11-22 |y BK_R |k ICO | ||
| 952 | |0 0 |1 0 |4 0 |6 658_300000000000000_ALL_2006 |7 0 |8 A |9 407789 |a BIBING |b BIBING |d 2019-11-22 |i 4368398 |o 658.3 ALL 2006 |p 4368398 |r 2025-01-20 |w 2019-11-22 |y BK |k EII | ||
| 952 | |0 0 |1 0 |4 0 |6 658_300000000000000_ALL_2006 |7 0 |8 R |9 407790 |a BIBENE |b BIBENE |d 2019-11-22 |i 4346270 |o 658.3 ALL 2006 |p 4346270 |r 2025-01-15 |w 2019-11-22 |y BK_R |k ICO | ||
| 952 | |0 0 |1 0 |4 0 |6 658_300000000000000_ALL_2006 |7 0 |8 A |9 407791 |a BIBEDU |b BIBEDU |d 2019-11-22 |i 4899245 |o 658.3 ALL 2006 |p 4899245 |r 2019-11-22 |w 2019-11-22 |y BK |k PSI | ||
| 952 | |0 0 |1 0 |4 0 |6 658_300000000000000_ALL_2006 |7 0 |8 A |9 407792 |a BIBEDU |b BIBEDU |d 2019-11-22 |i 4899253 |o 658.3 ALL 2006 |p 4899253 |r 2019-11-22 |w 2019-11-22 |y BK |k PSI | ||
| 952 | |0 0 |1 0 |3 erb |4 0 |6 658_300000000000000_ALL_2006 |7 0 |8 R |9 407793 |a BIBENE |b BIBENE |d 2019-11-22 |i 5005132 |o 658.3 ALL 2006 |p 5005132 |r 2025-01-15 |w 2019-11-22 |y BK_R |z Catalogado en:20130829 |k ICO | ||
| 952 | |0 0 |1 0 |3 erb |4 0 |6 658_300000000000000_ALL_2006 |7 0 |8 R |9 407794 |a BIBENE |b BIBENE |d 2019-11-22 |i 5005140 |l 1 |m 1 |o 658.3 ALL 2006 |p 5005140 |r 2025-01-15 |s 2022-04-18 |w 2019-11-22 |y BK_R |z Catalogado en:20130829 |k ICO | ||